Law of the Press / (Record no. 43086)

MARC details
000 -LEADER
fixed length control field 00768nam a22002177a 4500
005 - DATE AND TIME OF LATEST TRANSACTION
control field 20100825161735.0
010 ## - LCCN (DPL NO)
LC control number ENG-101380
020 ## - INTERNATIONAL STANDARD BOOK NUMBER
International Standard Book Number 9788180386220
Terms of availability 1995.00
035 ## - SYSTEM CONTROL NUMBER
System control number EN-84913
037 ## - SOURCE OF ACQUISITION
Source of stock number/acquisition DBAD/PUB
082 ## - DEWEY DECIMAL CLASSIFICATION NUMBER
Classification number 343.0998
100 ## - MAIN ENTRY--PERSONAL NAME
Personal name Basu, Durga Das
245 ## - TITLE STATEMENT
Title Law of the Press /
Statement of responsibility, etc by Durga Das Basu
250 ## - EDITION STATEMENT
Remainder of edition statement 5rd rev. ed.
260 ## - PUBLICATION, DISTRIBUTION, ETC. (IMPRINT)
Place of publication, distribution, etc Gurgaon
Name of publisher, distributor, etc Lexis Nexis
Date of publication, distribution, etc 2010
270 ## - ADDRESS
Address 14 th Floor Building No 10 Tower -B DLF Cyber City Phase II
City Gurgaon
Postal code 122002
300 ## - PHYSICAL DESCRIPTION
Extent lviii,1150p
Dimensions 25cm(Hb)
500 ## - GENERAL NOTE
General note includes index
942 ## - ADDED ENTRY ELEMENTS (KOHA)
Source of classification or shelving scheme Dewey Decimal Classification
Item type English Books
Classification part 343.0998
Call number suffix BAS
Holdings
Withdrawn status Lost status Not for loan Collection code Home library Current library Date acquired Source of acquisition Cost, normal purchase price Full call number Barcode Copy number Cost, replacement price Koha item type
    Not For Loan Non-fiction D.B.Act.Division D.B.Act.Division 25/08/2010 DBAD/PUB 1995.00 343.0998 BAS EN-84913 1 1995.00 English Books

© Delhi Public Library
Hit Counter
free hit counter